000 00588nam a22002177a 4500
003 UA-OsUOA
001 62266
007 ta
008 20090817b un ||||| |||| 00| 0 ukr d
090 _a94
_bВ27
942 _cBK
040 _aUA-OsUOA
_brus
_cUA-OsUOA
_dUA-OsUOA
245 _aВеликие сталинские стройки коммунизма - всенародное дело
300 _a103 с.
955 _a2
041 _arus
080 _a94
260 _aМ.
_c1953
650 7 _a9 Географія. Біографії. Історія
_2UDC
999 _c348356
_d348356